| 000 | 04054ncm0a2200577 4500 | ||
|---|---|---|---|
| 001 | RU\NLR\ONIZ\213000 | ||
| 005 | 20250624195833.0 | ||
| 013 | _a979-0-706400-18-1 | ||
| 021 |
_aRU _b13-149н _913-10н |
||
| 035 | _aRU\NLR\ONIZ\lanatalya\5000003874\20151110095715 | ||
| 035 | _a(NLR Aleph) 010892487 | ||
| 071 | 2 | 0 | _aс 3735 к |
| 090 |
_a10561922 _c10561922 |
||
| 100 | _a20151110d2004 |||y0rusy50 ca | ||
| 101 | 0 |
_aeng _arus |
|
| 102 | _aRU | ||
| 125 | _azx | ||
| 145 | 0 | _ab | |
| 200 | 1 |
_aВолшебной флейты звуки _bНоты _eпьесы для флейты и фп. _dThe sounds of the magic flute _epieces for flute and piano _fЖ. Металлиди _zeng |
|
| 208 | _aКлавир и партия | ||
| 210 |
_aСанкт-Петербург _cКомпозитор-Санкт-Петербург _dcop. 2004 |
||
| 215 |
_a32 с., 1 парт. (13 с.) _d30 см |
||
| 313 | _aСистематизация документа проведена по изданию - Методика классифицирования музыкальных произведений (нотных изданий) по таблицам Библиотечно-библиографических классификаций : метод. рекомендации / Гос. б-ка СССР им. В.И. Ленина.- М., 1977. Индексу ББК методических рекомендаций присваивается код ББК для научных библиотек - LBC/SL | ||
| 327 | 1 |
_a1. Шкатулка с сюрпризом ; _a2. Грустная корова ; _a3. В гостях ; _a4. Лесная тропинка ; _a5. Танцующие светлячки ; _a6. Две части из сюиты "Золотой ключик" : (1. Вальс Мальвины ; 2. Танец кукол)/ перелож. для флейты и фп. авт. ; _a7. Царевна в темнице ; _a8. Баллада ; _a9. Романтический вальс |
|
| 464 | 0 |
_12001#$aШкатулка с сюрпризом _1215##$aС.3-4 _tШкатулка с сюрпризом |
|
| 464 | 0 |
_12001#$aГрустная корова _1215##$aС.5 _tГрустная корова |
|
| 464 | 0 |
_12001#$aВ гостях _1215##$aС.6-7 _tВ гостях |
|
| 464 | 0 |
_12001#$aЛесная тропинка _1215##$aС.8 _tЛесная тропинка |
|
| 464 | 0 |
_12001#$aТанцующие светлячки _1215##$aС.9-10 _tТанцующие светлячки |
|
| 464 | 0 |
_12001#$aДве части из сюиты "Золотой ключик"$fперелож. для флейты и фп. авт. _1215##$aС.11-17 _tДве части из сюиты "Золотой ключик" |
|
| 464 | 0 |
_12001#$aВальс Мальвины _tВальс Мальвины |
|
| 464 | 0 |
_12001#$aТанец кукол _tТанец кукол |
|
| 464 | 0 |
_12001#$aЦаревна в темнице _1215##$aС.18-21 _tЦаревна в темнице |
|
| 464 | 0 |
_12001#$aБаллада _1215##$aС.22-27 _tБаллада |
|
| 464 | 0 |
_12001#$aРомантический вальс _1215##$aС.28-32 _tРомантический вальс |
|
| 606 | 1 |
_aПьесы для флейты и фортепиано _yРоссия _z20-21 вв. _jНоты _2nlr_sh |
|
| 606 | 1 |
_aПьесы для флейты и фортепиано для детей _jНоты _2nlr_sh |
|
| 686 |
_aЩ957.229.8(2Р)я44 _vLBC/SL _2rubbk |
||
| 686 |
_aЩ957.22-42-058я44(2Р=Р) _vLBC/SL _2rubbk |
||
| 700 | 1 |
_9z02790 _aМеталлиди _bЖ. Л. _f1934 - _gЖаннэта (Жанна) Лазаревна _4230 _4030 _7ca |
|
| 790 | 1 |
_9z02700 _aMetallidi _bŽ. (. L. _f1934 - _gŽanneta (Žanna) Lazarevna _4230 _4030 _7ba |
|
| 801 | 0 |
_aRU _bNLR _c20151110 _gPSBO |
|
| 801 | 1 |
_aRU _bNLR _c20151110 _2rusmarc |
|
| 801 | 2 |
_aRU _bNLR _c20190630 |
|
| 852 |
_aNLR _bМ _jК-3/27547 _p257369 _t1 |
||
| 852 |
_aNLR _bМ _jК-3/26783 _pМОЭ 2013-10н/149н _t2 |
||
| 852 |
_aNLR _bМ _jК-3/26783а _pМОЭ 2013-10н/149на _t3 |
||
| 942 | _cSCORE | ||
| 980 | _aNB | ||
| 980 | _aONIZ | ||